000 00227 a2200097 4500
001 30814
100 _aRussell, B
245 _aPrinciples of Social Reconstruction
260 _aLondon
_bAllen & Unwin
_c
090 _c20711
_d20711
942 _aNUST-CAE
_cM
_c11905
999 _c265887
_d265887